Statistics for All Sports Teams with Animal Mascots

Click here to take the quiz!

General Stats

  • This quiz has been taken 166 times
  • The average score is 27 of 39

Answer Stats

LeagueAnswer% Correct
NFLChicago Bears
93%
NBAAtlanta Hawks
89%
NFLDetroit Lions
87%
NFLArizona Cardinals
86%
NFLCarolina Panthers
86%
NHLFlorida Panthers
85%
MLBSt. Louis Cardinals
85%
NFLAtlanta Falcons
84%
NFLBaltimore Ravens
84%
NFLPhiladelphia Eagles
84%
NFLSeattle Seahawks
84%
NFLMiami Dolphins
78%
NFLCincinnati Bengals
77%
NFLDenver Broncos
76%
NFLJacksonville Jaguars
76%
NFLLos Angeles Rams
75%
MLBDetroit Tigers
72%
NFLBuffalo Bills
70%
NBANew Orleans Pelicans
70%
MLBBaltimore Orioles
69%
NFLIndianapolis Colts
69%
MLBToronto Blue Jays
68%
NBAChicago Bulls
65%
NHLPittsburgh Penguins
65%
MLBChicago Cubs
64%
NHLAnaheim Ducks
58%
MLBMiami Marlins
58%
NBAMinnesota Timberwolves
58%
NHLSan Jose Sharks
57%
NBACharlotte Hornets
56%
NHLArizona Coyotes
54%
NBAMilwaukee Bucks
53%
MLBTampa Bay Rays
53%
NBAToronto Raptors
53%
NBAMemphis Grizzlies
50%
NHLBoston Bruins
48%
MLBArizona Diamondbacks
43%
NHLNashville Predators
42%
NFLLos Angeles Chargers
32%

Score Distribution

Percentile by Number Answered

Percent of People with Each Score

Your Score History

You have not taken this quiz